000 04722nam a2200265 4500
003 NALT
005 20260216140838.0
008 260211b th ||||| |||| 00| 0 tha d
040 _aNALT
090 _aELR 203/1 2567
100 0 _aสมปรารถนา กลางณรงค์.
_967392
245 1 0 _aการจัดทำข้อมูลเพื่อสนับสนุนรัฐสภาไทยในการดำรงตำแหน่งกรรมการบริหารและประธานคณะกรรมการบริหาร และในการเป็นเจ้าภาพจัดการประชุมประจำปี รัฐสภาภาคพื้นเอเชียและแปซิฟิก (APPF) ครั้งที่ 30 /
_cสมปรารถนา กลางณรงค์.
246 3 0 _aผลงานหรือผลสำเร็จของงานที่เกิดจากการปฏิบัติงานในตำแหน่งหน้าที่ความรับผิดชอบ.
260 _aกรุงเทพฯ :
_bสำนักงานเลขาธิการสภาผู้แทนราษฎร,
_c2567.
300 _a98 หน้า :
_bตาราง, แผนภูมิ ;
_c30 ซม.
505 2 _aบทที่ 1 บทนำ -- 1.1 ความเป็นมาและความสำคัญของปัญหา -- 1.2 วัตถุประสงค์ของการศึกษา -- 1.3 ขอบเขตของการศึกษา -- 1.4 สัดส่วนของผลงาน -- 1.5 วิธีการศึกษา -- 1.6 นิยามศัพท์เฉพาะ -- 1.7 ประโยชน์ที่ได้รับ -- บทที่ 2 แนวคิด และทฤษฎี -- 2.1 กฎ ระเบียบ -- 2.2 แนวคิด/ทฤษฎี -- บทที่ 3 วิธีการศึกษา -- 3.1 วิธีการศึกษา -- 3.2 ขั้นตอนการศึกษา -- 3.3 วิธีการเก็บข้อมูล -- บทที่ 4 ผลการศึกษา -- 4.1 ผลการศึกษาอำนาจหน้าที่ บทบาท และการดำเนินงานของคณะกรรมการบริหาร และใช้เป็นข้อมูลสนับสนุนรัฐสภาไทยในฐานะสมาชิกคณะกรรมการบริหาร -- 4.2 ผลการศึกษาการสนับสนุนรัฐสภาไทยในการทำหน้าที่ประธานคณะกรรมการบริหารในโอกาสการประชุมประจำปีรัฐสภาภาคพื้นเอเชียและแปซิฟิก ครั้งที่ 30 -- 4.3 ผลการศึกษาการจัดทำเอกสารองค์ความรู้ของรัฐสภาเกี่ยวกับการประชุมรัฐสภาภาคพื้นเอเชียและแปซิฟิก เพื่อสนับสนุนรัฐสภาไทยในการเตรียมการจัดการประชุมประจำปีรัฐสภาภาคพื้นเอเชียและแปซิฟิก ครั้งที่ 30 และเป็นฐานข้อมูลในการเข้าร่วมการประชุมและการเป็นเจ้าภาพจัดการประชุมในอนาคต -- บทที่ 5 สรุปลการศึกษา อภิปรายผล และข้อเสนอแนะ -- 5.1 สรุปลการศึกษา -- 5.2 อภิปรายผล -- 5.3 ข้อเสนอแนะ.
611 4 _aการประชุมรัฐสภาภาคพื้นเอเชียและแปซิฟิก
_918715
653 4 _aรัฐสภาภาคพื้นเอเชียและแปซิฟิก (APPF)
653 4 _aการประชุมรัฐสภาภาคพื้นเอเชียและแปซิฟิก -- การจัดทำข้อมูล
942 _2local
_cIS
996 _ajidapa.t
_bACQSTF
_c2026-02-11
996 _avaree.k
_bLIBSTF
_c2026-02-13
996 _asaiphon.d
_bCATSTF
_c2026-02-16
999 _c107771
_d107771
998 _j104
_k นางสาวสายฝน ดีงาม